000 00367nam a2200121Ia 4500
008 240731s9999 xx 000 0 und d
022 _a1537-940X
245 0 _aJournal of Child Custody : Applying Research to Parenting and Assessment Practice and Policies
260 _bRoutledge
856 _uhttps://www.tandfonline.com/loi/wjcc20
942 _2ddc
942 _cTFEJ
999 _c77516
_d77516
945 _a1
_bMadushi Gamage
_c1
_dMadushi Gamage